[Event "World U16-ch10"]
[Site "Champigny sur Marne"]
[Date "1984.04.??"]
[Round "11"]
[White "Rettedal, Atle"]
[Black "Anand, Viswanathan"]
[Result "0-1"]
[WhiteElo "2200"]
[BlackElo "2285"]
[PlyCount "96"]
[EventDate "1984.04.01"]
[EventType "swiss"]
[EventRounds "11"]
[EventCountry "FRA"]
[SourceTitle "EXT 2015"]
[Source "ChessBase"]
[SourceDate "2014.11.20"]
[SourceVersion "1"]
[SourceVersionDate "2014.11.20"]
[SourceQuality "1"]
[TimeControl "40/9000:16/5400:0"]

1. d4 {Le norvégien a arrêté de jouer quelques années plus tard mais il
avait un bon potentiel.} Nf6 2. c4 g6 3. Nc3 Bg7 4. e4 O-O 5. Bg5 d6 6. f3 Nc6
7. Nge2 a6 8. Qd2 Rb8 9. O-O-O b5 10. h4 Na5 $146 (10... e5 11. h5 Qe8 12. Nd5
Nxd5 13. exd5 Ne7 14. hxg6 fxg6 15. Bh6 Qf7 16. Bxg7 Qxg7 17. dxe5 Qxe5 18. Re1
Qg7 19. Nc3 bxc4 20. Rh4 Nf5 21. Rhe4 Bd7 22. Bxc4 a5 23. Bb3 Rb4 24. Rxb4 axb4
25. Ne4 Rb8 26. Rd1 Qe5 {1/2-1/2 (26) Agdestein,S (2400)-Nunn,J (2590) Gjovik
1983}) (10... h5 11. Qe1 {Agdestein,S (2400)-Sznapik,A (2425) Nordic-tt Oslo
1983 0-1}) 11. Ng3 {[%cal Gh4h5]} Be6 $13 {[%csl Rc1]} (11... Nxc4 $5 12. Bxc4
bxc4 {[%csl Gb8]} 13. h5 c6 14. hxg6 fxg6 $5 (14... hxg6 $6 {[%csl Rg8] Le
coup naturel parait trop risqué} 15. Bh6 {[%cal Gh6g7,Gd2h6]}) 15. Bh6 Qb6 16.
Bxg7 Kxg7 17. Nf5+ $5 gxf5 18. e5 $1 $44) 12. d5 Bd7 13. Bh6 (13. h5 b4 14.
Nce2 Ba4) 13... b4 $132 14. Nb1 $6 (14. Nce2 Ba4 15. Re1 Bb3 16. Kb1 {C'est
l'intérêt d'avoir joué Ne2 au lieu de Nb1} (16. axb3 $2 Nxb3+)) 14... Ba4 $1
15. Bxg7 Kxg7 16. h5 $8 (16. Re1 $2 Bb3 $1 $19 {[%csl Rc1,Rd2]}) 16... Bxd1 17.
Kxd1 Rh8 $1 18. h6+ {[%csl Rb1,Rf1] Les compensations sont insuffisantes
malgré la mauvaise position de la Rh8 car les pièces Blanches sont assez mal
placées} Kf8 19. Qe3 Qd7 20. b3 e5 $1 21. dxe6 Qxe6 22. Qa7 Qc8 23. Qd4 Qd8
24. f4 (24. Bd3 Nc6 (24... Rg8 25. Nd2 g5 {[%cal Gg8g6]}) 25. Qe3 Ke7 {[%cal
Gh8e8]} 26. Qg5 Ne5 27. Bc2 Re8 {[%cal Ge7f8]}) 24... Nc6 25. Qe3 Rg8 $1 {
[%cal Gg6g5,Gg8g6]} 26. Nd2 g5 $17 {[%cal Gg8g6]} 27. Be2 gxf4 (27... g4 28. e5
) 28. Qxf4 Qe7 29. Rf1 Qe5 $1 30. Qxf6 Qxf6 31. Rxf6 Rxg3 32. Bh5 Ne5 $19 {
[%csl Ge5][%cal Ge5f7]} 33. Nf3 Ke7 34. Rf5 f6 35. Nh4 Ng6 36. Rf3 Rxf3 37.
Nxf3 Rf8 38. Nd4 Nf4 39. Bf3 c5 40. Nf5+ Ke6 41. g3 Nd3 42. Kd2 Ne5 43. Ke3
Nxf3 44. Kxf3 a5 $1 45. Ne3 a4 46. Kf4 Ra8 47. Nd5 axb3 48. axb3 Ra3 {[%emt 0:
00:10] Biulletin CCC of the USSR 1984, No.15, p.} 0-1

[Event "Lloyds Bank op 08th"]
[Site "London"]
[Date "1984.??.??"]
[Round "8"]
[White "Anand, Viswanathan"]
[Black "Wells, Peter K"]
[Result "1/2-1/2"]
[WhiteElo "2285"]
[BlackElo "2320"]
[PlyCount "46"]
[EventDate "1984.08.??"]
[EventType "swiss"]
[EventRounds "9"]
[EventCountry "ENG"]
[SourceTitle "MCL"]
[Source "ChessBase"]
[SourceDate "1999.07.01"]
[SourceVersion "1"]
[SourceVersionDate "1999.07.01"]
[SourceQuality "1"]

1. e4 c6 2. d4 d5 3. Nc3 dxe4 4. Nxe4 Nd7 5. Nf3 Ngf6 6. Ng3 e6 7. Bd3 c5 8.
O-O cxd4 9. Nxd4 Bc5 10. Nf3 O-O 11. Qe2 b6 12. Ne4 Be7 13. Bf4 Bb7 14. Rad1
Nxe4 15. Bxe4 Bxe4 16. Qxe4 Qc8 17. c3 Nf6 18. Qe2 Qb7 19. Nd4 g6 20. Rfe1 Rfd8
21. a3 b5 22. h3 Rac8 23. Bg3 Nd5 1/2-1/2

[Event "World U20-ch23"]
[Site "Kiljava"]
[Date "1984.08.06"]
[Round "4"]
[White "Anand, Viswanathan"]
[Black "Hansen, Curt"]
[Result "1/2-1/2"]
[WhiteElo "2285"]
[BlackElo "2485"]
[PlyCount "38"]
[EventDate "1984.08.03"]
[EventType "swiss"]
[EventRounds "13"]
[EventCountry "FIN"]
[SourceTitle "EXT 2000"]
[Source "ChessBase"]
[SourceDate "1999.11.16"]
[SourceVersion "1"]
[SourceVersionDate "1999.11.16"]
[SourceQuality "1"]

1. e4 Nf6 2. e5 Nd5 3. d4 d6 4. Nf3 Bg4 5. Be2 Nc6 6. O-O dxe5 7. Nxe5 Bxe2 8.
Qxe2 Nxd4 9. Qc4 c5 10. c3 Nc6 11. Nxc6 bxc6 12. Qxc5 Qb6 13. Qc4 e6 14. Nd2
Be7 15. Nf3 Rc8 16. Qe2 O-O 17. c4 Qa6 18. Re1 Nb6 19. b3 Bf6 1/2-1/2

[Event "World U20-ch23"]
[Site "Kiljava"]
[Date "1984.08.07"]
[Round "5"]
[White "Saeed, Saeed Ahmed"]
[Black "Anand, Viswanathan"]
[Result "1-0"]
[WhiteElo "2390"]
[BlackElo "2285"]
[PlyCount "67"]
[EventDate "1984.08.03"]
[EventType "swiss"]
[EventRounds "13"]
[EventCountry "FIN"]
[SourceTitle "EXT 2000"]
[Source "ChessBase"]
[SourceDate "1999.11.16"]
[SourceVersion "1"]
[SourceVersionDate "1999.11.16"]
[SourceQuality "1"]

1. d4 Nf6 2. c4 d6 3. Nf3 g6 4. g3 Bg7 5. Bg2 O-O 6. O-O Nbd7 7. Nc3 e5 8. e4
c6 9. h3 Re8 10. Re1 exd4 11. Nxd4 Qb6 12. Nc2 Nc5 13. b4 Ne6 14. Be3 Qc7 15.
Qd3 a5 16. a3 h5 17. Rad1 h4 18. g4 Nd7 19. Ne2 axb4 20. axb4 Ra2 21. f4 Nb6
22. f5 Nf8 23. Bf4 Be5 24. Bxe5 dxe5 25. c5 Nbd7 26. Na3 b6 27. Qb3 Rxe2 28.
Rxe2 bxc5 29. Nc4 Ba6 30. Rf2 g5 31. Nd6 Re7 32. bxc5 Qa5 33. Rc1 Nh7 34. Ra2
1-0

[Event "World U20-ch23"]
[Site "Kiljava"]
[Date "1984.08.15"]
[Round "11"]
[White "Anand, Viswanathan"]
[Black "Wells, Peter K"]
[Result "1-0"]
[WhiteElo "2285"]
[BlackElo "2320"]
[PlyCount "71"]
[EventDate "1984.08.03"]
[EventType "swiss"]
[EventRounds "13"]
[EventCountry "FIN"]
[SourceTitle "EXT 2000"]
[Source "ChessBase"]
[SourceDate "1999.11.16"]
[SourceVersion "1"]
[SourceVersionDate "1999.11.16"]
[SourceQuality "1"]

1. e4 c6 2. d4 d5 3. Nc3 dxe4 4. Nxe4 Nf6 5. Nxf6+ exf6 6. c3 Bd6 7. Nf3 O-O 8.
Be2 Qc7 9. h3 Bf5 10. O-O Rd8 11. Bd3 Bxd3 12. Qxd3 Nd7 13. Be3 c5 14. Rac1
cxd4 15. Nxd4 Ne5 16. Qe2 a6 17. c4 g6 18. b3 Re8 19. Rfd1 Rad8 20. c5 Bf8 21.
b4 Nc6 22. Nxc6 Qxc6 23. Rxd8 Rxd8 24. Rd1 Re8 25. Qf3 Qa4 26. Rd4 Qxa2 27.
Qxb7 Bh6 28. Qf3 Bxe3 29. fxe3 f5 30. Qf4 Qa3 31. Rd6 a5 32. c6 axb4 33. c7 Qa5
34. Qc4 Qa1+ 35. Kf2 Qe5 36. Qd4 1-0

[Event "World U20-ch23"]
[Site "Kiljava"]
[Date "1984.08.17"]
[Round "13"]
[White "Georgiev, Kiril"]
[Black "Anand, Viswanathan"]
[Result "1-0"]
[WhiteElo "2430"]
[BlackElo "2285"]
[PlyCount "69"]
[EventDate "1984.08.03"]
[EventType "swiss"]
[EventRounds "13"]
[EventCountry "FIN"]
[SourceTitle "EXT 2000"]
[Source "ChessBase"]
[SourceDate "1999.11.16"]
[SourceVersion "1"]
[SourceVersionDate "1999.11.16"]
[SourceQuality "1"]

1. d4 Nf6 2. c4 g6 3. g3 Bg7 4. Bg2 O-O 5. Nc3 d6 6. Nf3 Nc6 7. O-O a6 8. d5
Na5 9. Nd2 c5 10. Qc2 Rb8 11. b3 e5 12. Bb2 b5 13. Rae1 Ng4 14. e4 f5 15. exf5
gxf5 16. Nd1 Bd7 17. Bc3 Nb7 18. f4 e4 19. Bxg7 Kxg7 20. h3 Nf6 21. Ne3 bxc4
22. bxc4 h5 23. Rb1 Kf7 24. g4 hxg4 25. hxg4 fxg4 26. Bxe4 Qc7 27. Bg6+ Kg8 28.
f5 Nd8 29. Rxb8 Qxb8 30. Ne4 Nxe4 31. Qxe4 Qb2 32. Qxg4 Qd4 33. Qg3 Nf7 34. f6
Bg4 35. Bh5 1-0

[Event "India"]
[Site "India"]
[Date "1985.??.??"]
[Round "?"]
[White "Mithrakanth, Poorna Sharma"]
[Black "Anand, Viswanathan"]
[Result "0-1"]
[WhiteElo "2350"]
[BlackElo "2380"]
[PlyCount "60"]
[EventDate "1985.??.??"]
[EventType "game"]
[EventRounds "1"]
[EventCountry "IND"]
[SourceTitle "EXT 2010"]
[Source "ChessBase"]
[SourceDate "2010.11.25"]
[SourceVersion "1"]
[SourceVersionDate "2010.11.25"]
[SourceQuality "1"]

1. e4 c5 2. Nf3 e6 3. d4 cxd4 4. Nxd4 Nf6 5. Nc3 d6 6. Be2 a6 7. f4 Be7 8. O-O
O-O 9. Be3 Qc7 10. Kh1 Nbd7 11. g4 Nb6 12. g5 Nfd7 13. Rf3 Re8 14. Qf1 g6 15.
Rd1 Bf8 16. a4 Nc5 17. b3 Bg7 18. Ndb5 axb5 19. Nxb5 Qe7 20. Nxd6 Nbd7 21. f5
Be5 22. fxg6 fxg6 23. Rf7 Bxd6 24. Rxe7 Bxe7 25. Bc4 Ne5 26. Bb5 Rf8 27. Qe2 b6
28. Bd4 Bb7 29. Bxe5 Nxe4 30. Kg1 Nxg5 0-1

[Event "World U20-ch24"]
[Site "Sharjah"]
[Date "1985.09.18"]
[Round "7"]
[White "Blatny, Pavel"]
[Black "Anand, Viswanathan"]
[Result "1-0"]
[WhiteElo "2395"]
[BlackElo "2380"]
[PlyCount "63"]
[EventDate "1985.09.11"]
[EventType "swiss"]
[EventRounds "13"]
[EventCountry "UAE"]
[SourceTitle "EXT 2000"]
[Source "ChessBase"]
[SourceDate "1999.11.16"]
[SourceVersion "1"]
[SourceVersionDate "1999.11.16"]
[SourceQuality "1"]

1. e4 c5 2. Nc3 Nc6 3. g3 g6 4. Bg2 Bg7 5. d3 d6 6. f4 e6 7. Nf3 Nge7 8. O-O
O-O 9. Be3 Nd4 10. Kh1 Nec6 11. Bg1 Rb8 12. Qd2 Nxf3 13. Bxf3 Nd4 14. Bg2 Qa5
15. Qf2 Bd7 16. Nd1 f5 17. Ne3 Qc7 18. c3 Nc6 19. Rac1 Ne7 20. g4 fxg4 21. Nxg4
g5 22. Qg3 gxf4 23. Rxf4 Ng6 24. Rxf8+ Rxf8 25. Be3 e5 26. Rf1 Rxf1+ 27. Bxf1
Be6 28. Nh6+ Kh8 29. Bh3 Bxa2 30. c4 Bxh6 31. Bxh6 Qd8 32. Qg4 1-0

[Event "World U20-ch24"]
[Site "Sharjah"]
[Date "1985.09.20"]
[Round "9"]
[White "Anand, Viswanathan"]
[Black "Howell, James C"]
[Result "0-1"]
[WhiteElo "2380"]
[BlackElo "2370"]
[PlyCount "164"]
[EventDate "1985.09.11"]
[EventType "swiss"]
[EventRounds "13"]
[EventCountry "UAE"]
[SourceTitle "EXT 2000"]
[Source "ChessBase"]
[SourceDate "1999.11.16"]
[SourceVersion "1"]
[SourceVersionDate "1999.11.16"]
[SourceQuality "1"]

1. e4 c5 2. Nf3 d6 3. d4 cxd4 4. Nxd4 Nf6 5. Nc3 a6 6. Be2 e5 7. Nb3 Be7 8. O-O
O-O 9. Qd3 Nbd7 10. a4 b6 11. Qg3 Kh8 12. Rd1 Bb7 13. f3 Qc7 14. Qf2 Nh5 15.
Be3 g6 16. Nd2 f5 17. exf5 gxf5 18. Nc4 Rg8 19. Kh1 Rg6 20. Bxb6 Nxb6 21. Qxb6
Qxb6 22. Nxb6 d5 23. Nd7 Rd8 24. g4 Rxd7 25. gxh5 Rb6 26. b3 d4 27. Nb1 Bg5 28.
Na3 Bf4 29. Nc4 Rh6 30. Rg1 Rxh5 31. Rg2 Rg7 32. Rag1 Rh6 33. Rf2 Bd5 34. Rxg7
Kxg7 35. Nb2 Be3 36. Rg2+ Kf6 37. Nc4 Bf4 38. Kg1 Rh3 39. Kf2 Bxh2 40. Nb6 Bc6
41. Rg8 Rh6 42. b4 Ke7 43. b5 axb5 44. axb5 Bxb5 45. Bxb5 Rxb6 46. Bd3 h6 47.
Bxf5 Kf7 48. Rc8 Bf4 49. Be4 Rb1 50. Kg2 Re1 51. Rc7+ Ke6 52. Rc6+ Ke7 53. Rg6
h5 54. Ra6 Re2+ 55. Kf1 Rd2 56. Kg1 h4 57. Ra7+ Kd6 58. Rh7 Bg3 59. Bf5 Kc5 60.
Rb7 Rf2 61. Rb3 Rd2 62. Ra3 Bf4 63. Rb3 Be3+ 64. Kh1 Rf2 65. c3 Rxf3 66. cxd4+
exd4 67. Be4 Rf2 68. Bd3 Rd2 69. Bf5 Kd5 70. Rb5+ Kc4 71. Rb1 Rf2 72. Be6+ Kc3
73. Rb3+ Kc2 74. Ra3 Rf6 75. Bg8 Bf2 76. Kg2 Rg6+ 77. Kxf2 Rxg8 78. Ra7 Rf8+
79. Kg2 d3 80. Rc7+ Kd1 81. Rd7 d2 82. Rd6 Rf4 0-1

[Event "World U20-ch24"]
[Site "Sharjah"]
[Date "1985.09.23"]
[Round "11"]
[White "Zysk, Robert"]
[Black "Anand, Viswanathan"]
[Result "1/2-1/2"]
[WhiteElo "2340"]
[BlackElo "2380"]
[PlyCount "59"]
[EventDate "1985.09.11"]
[EventType "swiss"]
[EventRounds "13"]
[EventCountry "UAE"]
[SourceTitle "EXT 2000"]
[Source "ChessBase"]
[SourceDate "1999.11.16"]
[SourceVersion "1"]
[SourceVersionDate "1999.11.16"]
[SourceQuality "1"]

1. d4 Nf6 2. Nf3 g6 3. c4 Bg7 4. g3 O-O 5. Bg2 c6 6. O-O d5 7. cxd5 cxd5 8. Nc3
Nc6 9. Ne5 Bf5 10. Nxc6 bxc6 11. Bf4 Nd7 12. Rc1 Rc8 13. b3 Nb6 14. Qd2 Qd7 15.
Bh6 Bxh6 16. Qxh6 Qd6 17. Rfe1 a5 18. Qd2 Rfd8 19. Red1 Qb4 20. Nb1 Rc7 21. Rc5
Ra8 22. Qc3 Bxb1 23. Rxb1 Nd7 24. Qxb4 axb4 25. Rc2 Nf6 26. Rbc1 Rca7 27. Rxc6
Rxa2 28. Bf3 Rb2 29. Rb6 Rxb3 30. Rb7 1/2-1/2

[Event "IND-ch"]
[Site "Mumbai"]
[Date "1986.??.??"]
[Round "?"]
[White "Anand, Viswanathan"]
[Black "Thipsay, Praveen Mahadeo"]
[Result "1/2-1/2"]
[WhiteElo "2405"]
[BlackElo "2485"]
[PlyCount "102"]
[EventDate "1986.??.??"]
[EventType "game"]
[EventRounds "1"]
[EventCountry "IND"]
[SourceTitle "EXT 2010"]
[Source "ChessBase"]
[SourceDate "2010.11.25"]
[SourceVersion "1"]
[SourceVersionDate "2010.11.25"]
[SourceQuality "1"]

1. e4 e5 2. Nf3 Nc6 3. Bb5 a6 4. Ba4 Nf6 5. O-O Be7 6. Re1 b5 7. Bb3 O-O 8. c3
d6 9. h3 Na5 10. Bc2 c5 11. d4 Qc7 12. Nbd2 Bd7 13. Nf1 cxd4 14. cxd4 Rac8 15.
Re2 Rfe8 16. b3 Nc6 17. Bb2 Bf8 18. d5 Ne7 19. Kh2 Nh5 20. Rd2 Nf4 21. Nxe5
dxe5 22. d6 Qc6 23. dxe7 Rxe7 24. Ne3 f6 25. Rc1 Rf7 26. b4 Be6 27. Bb3 Qe8 28.
Rxc8 Qxc8 29. a3 Bxb3 30. Qxb3 Qe6 31. Nd5 Nxd5 32. exd5 Qd6 33. Rd1 Rc7 34.
Bc1 Rc4 35. Be3 Qc7 36. g3 Bd6 37. Qd3 g6 38. Kg2 Rc3 39. Qd2 Rc4 40. Rc1 Rxc1
41. Qxc1 Qxc1 42. Bxc1 e4 43. f3 exf3+ 44. Kxf3 Be5 45. g4 f5 46. gxf5 gxf5 47.
Bf4 Bb2 48. Bg5 Kf7 49. Kf4 Ke8 50. Kxf5 Kd7 51. Bd2 Bxa3 1/2-1/2

[Event "IND-ch"]
[Site "Mumbai"]
[Date "1986.??.??"]
[Round "?"]
[White "Vaidya, Arun Bhaskar"]
[Black "Anand, Viswanathan"]
[Result "0-1"]
[WhiteElo "2340"]
[BlackElo "2405"]
[PlyCount "76"]
[EventDate "1986.??.??"]
[EventType "game"]
[EventRounds "1"]
[EventCountry "IND"]
[SourceTitle "EXT 2011"]
[Source "ChessBase"]
[SourceDate "2010.11.26"]
[SourceVersion "1"]
[SourceVersionDate "2010.11.26"]
[SourceQuality "1"]

1. d4 Nf6 2. c4 g6 3. Nc3 d5 4. cxd5 Nxd5 5. g3 Bg7 6. Bg2 Nxc3 7. bxc3 c5 8.
e3 O-O 9. Ne2 Qc7 10. O-O Nc6 11. Rb1 Rd8 12. Qc2 Be6 13. Rd1 Bc4 14. Ba3 cxd4
15. cxd4 Na5 16. Rdc1 Rac8 17. Bb4 b5 18. Qd2 Nb7 19. a4 a6 20. axb5 axb5 21.
Nc3 Qd7 22. Bf1 e5 23. d5 f5 24. Rd1 e4 25. d6 Bxf1 26. Kxf1 Kh8 27. Nd5 Rc6
28. Nf4 g5 29. Ne2 Nc5 30. Qd5 Nd3 31. Qxb5 f4 32. exf4 gxf4 33. Nxf4 Nxf4 34.
gxf4 e3 35. fxe3 Qh3+ 36. Ke2 Qg2+ 37. Ke1 Bf6 38. Rd2 Qf3 0-1

[Event "New Delhi"]
[Site "New Delhi"]
[Date "1986.??.??"]
[Round "?"]
[White "Tukmakov, Vladimir B"]
[Black "Anand, Viswanathan"]
[Result "0-1"]
[WhiteElo "2570"]
[BlackElo "2405"]
[PlyCount "64"]
[EventDate "1986.??.??"]
[EventType "game"]
[EventRounds "1"]
[EventCountry "IND"]
[SourceTitle "EXT 2010"]
[Source "ChessBase"]
[SourceDate "2010.11.25"]
[SourceVersion "1"]
[SourceVersionDate "2010.11.25"]
[SourceQuality "1"]

1. c4 Nf6 2. Nc3 e6 3. Nf3 b6 4. g3 Bb7 5. Bg2 Be7 6. d4 Ne4 7. Bd2 O-O 8. d5
f5 9. O-O Bf6 10. Rc1 Na6 11. Be1 Bxc3 12. Bxc3 Nxc3 13. Rxc3 Nc5 14. Nd2 Qf6
15. e4 a5 16. exf5 exf5 17. Re1 Rae8 18. Rxe8 Rxe8 19. Nf1 d6 20. Qc2 Bc8 21.
Bh3 g6 22. b3 Bd7 23. Re3 Rxe3 24. Nxe3 f4 25. Bxd7 fxe3 26. Ba4 Nd3 27. Qe2
Qxf2+ 28. Qxf2 exf2+ 29. Kf1 Kg7 30. Bb5 Kf6 31. c5 Nxc5 32. Kxf2 Ke5 0-1

[Event "Asia-chT fin 06th"]
[Site "Dubai"]
[Date "1986.??.??"]
[Round "3"]
[White "Anand, Viswanathan"]
[Black "Mascarinas, Rico"]
[Result "0-1"]
[WhiteElo "2405"]
[BlackElo "2405"]
[PlyCount "52"]
[EventDate "1986.01.??"]
[EventType "team"]
[EventRounds "9"]
[EventCountry "UAE"]
[SourceTitle "EXT 2008"]
[Source "ChessBase"]
[SourceDate "2007.11.25"]
[SourceVersion "1"]
[SourceVersionDate "2007.11.25"]
[SourceQuality "1"]
[WhiteTeam "India"]
[BlackTeam "Philippines"]
[WhiteTeamCountry "IND"]
[BlackTeamCountry "PHI"]

1. e4 c5 2. Nf3 e6 3. d4 cxd4 4. Nxd4 Nf6 5. Nc3 d6 6. f4 a6 7. Bd3 b5 8. Qf3
Bb7 9. g4 Nc6 10. Be3 Qc7 11. Nxc6 Qxc6 12. Bd4 b4 13. Bxf6 gxf6 14. Ne2 Qc5
15. O-O-O a5 16. Kb1 a4 17. c3 a3 18. b3 h5 19. h3 Rc8 20. cxb4 Qxb4 21. Qe3
hxg4 22. hxg4 Rxh1 23. Rxh1 d5 24. exd5 Bxd5 25. Rc1 Bc5 26. Nd4 Rb8 0-1

[Event "Asia-chT fin 06th"]
[Site "Dubai"]
[Date "1986.??.??"]
[Round "6"]
[White "Waqar, Mohamed"]
[Black "Anand, Viswanathan"]
[Result "0-1"]
[WhiteElo "2245"]
[BlackElo "2405"]
[PlyCount "114"]
[EventDate "1986.01.??"]
[EventType "team"]
[EventRounds "9"]
[EventCountry "UAE"]
[SourceTitle "EXT 2008"]
[Source "ChessBase"]
[SourceDate "2007.11.25"]
[SourceVersion "1"]
[SourceVersionDate "2007.11.25"]
[SourceQuality "1"]
[WhiteTeam "Pakistan"]
[BlackTeam "India"]
[WhiteTeamCountry "PAK"]
[BlackTeamCountry "IND"]

1. c4 g6 2. g3 Bg7 3. Bg2 f5 4. Nc3 Nc6 5. e3 e5 6. Nge2 Nf6 7. O-O O-O 8. d4
d6 9. b3 e4 10. a3 Qe8 11. Bb2 Bd7 12. Rc1 g5 13. Nd5 Nxd5 14. cxd5 Ne7 15. Nc3
g4 16. Qe2 Qf7 17. Qc4 Rfc8 18. Rc2 a6 19. a4 Rab8 20. a5 b5 21. axb6 Rxb6 22.
Rfc1 Bb5 23. Nxb5 axb5 24. Qb4 Nxd5 25. Qa5 c6 26. Bf1 Qb7 27. Ra1 Bf8 28. Be2
Nc7 29. Qd2 d5 30. h3 h5 31. hxg4 fxg4 32. Kg2 Ne6 33. Rh1 Qf7 34. Qa5 Rbb8 35.
Qa6 Ra8 36. Qb6 Nd8 37. Ra1 Rcb8 38. Rxa8 Rxb6 39. Rxd8 Qe7 40. Ra8 Qb7 41. Re8
Ra6 42. Bc3 Qd7 43. Re5 Qf7 44. Be1 Qg6 45. Bxb5 cxb5 46. Rc8 Qf7 47. Kf1 Kh7
48. Rd8 Bd6 49. Ree8 Ra1 50. Rxd6 Qxe8 51. Rxd5 Qf7 52. Rxb5 Qf3 53. Rxh5+ Kg6
54. Rh4 Qd1 55. Kg2 Kg5 56. Rh1 Qf3+ 57. Kh2 Rxe1 0-1

[Event "Wch U20"]
[Site "Gausdal"]
[Date "1986.??.??"]
[Round "2"]
[White "Gil Capape, Javier"]
[Black "Anand, Viswanathan"]
[Result "0-1"]
[WhiteElo "2300"]
[BlackElo "2420"]
[PlyCount "62"]
[EventDate "1986.08.??"]
[EventType "swiss"]
[EventRounds "13"]
[EventCountry "NOR"]
[SourceTitle "EXT 1997"]
[Source "ChessBase"]
[SourceDate "1996.11.15"]
[SourceVersion "1"]
[SourceVersionDate "1996.11.15"]
[SourceQuality "1"]

1. d4 d5 2. c4 dxc4 3. Nf3 e6 4. e3 Nf6 5. Bxc4 c5 6. O-O a6 7. Nc3 b5 8. Bb3
Bb7 9. Qe2 Nbd7 10. Rd1 Be7 11. d5 exd5 12. Nxd5 Nxd5 13. Bxd5 Bxd5 14. Rxd5
Qc8 15. b3 O-O 16. Bb2 Nf6 17. Rd2 Qe6 18. Rc1 Rac8 19. Rdc2 Nd5 20. Ba3 Qb6
21. Ne5 Rfd8 22. e4 Nf4 23. Qf3 Qf6 24. Ng4 Qd4 25. Ne3 Nd3 26. Nf5 Qd7 27. Rd1
Ne5 28. Nxe7+ Qxe7 29. Qe2 Rxd1+ 30. Qxd1 Rd8 31. Rd2 Nf3+ 0-1

[Event "Wch U20"]
[Site "Gausdal"]
[Date "1986.??.??"]
[Round "5"]
[White "Piket, Jeroen"]
[Black "Anand, Viswanathan"]
[Result "1/2-1/2"]
[WhiteElo "2390"]
[BlackElo "2420"]
[PlyCount "194"]
[EventDate "1986.08.??"]
[EventType "swiss"]
[EventRounds "13"]
[EventCountry "NOR"]
[SourceTitle "EXT 1997"]
[Source "ChessBase"]
[SourceDate "1996.11.15"]
[SourceVersion "1"]
[SourceVersionDate "1996.11.15"]
[SourceQuality "1"]

1. d4 Nf6 2. c4 e6 3. Nf3 b6 4. Nc3 Bb7 5. a3 Ne4 6. Nxe4 Bxe4 7. Nd2 Bb7 8. e4
Qf6 9. d5 Bc5 10. Qf3 Bd4 11. Qxf6 Bxf6 12. Be2 O-O 13. O-O Re8 14. Bf3 Be5 15.
Rb1 d6 16. Rd1 Nd7 17. Nf1 g6 18. Be3 Bg7 19. b4 Ba6 20. dxe6 Rxe6 21. e5 Rd8
22. Bg5 Rb8 23. exd6 Rxd6 24. b5 Bb7 25. Bxb7 Rxb7 26. Be7 Rxd1 27. Rxd1 Nf8
28. Ne3 c6 29. bxc6 Rc7 30. Bxf8 Bxf8 31. Rd7 Rxc6 32. Rxa7 Bh6 33. Ra4 Re6 34.
Nf1 Bc1 35. g3 Rd6 36. Kg2 Rd3 37. Rb4 Rd6 38. a4 Ba3 39. Rb5 Rc6 40. a5 bxa5
41. Rxa5 Bb4 42. Ra4 Bc5 43. Nd2 Kg7 44. Nb3 Be7 45. Kf3 Rb6 46. Nc1 Rf6+ 47.
Ke2 Re6+ 48. Kd1 Rd6+ 49. Kc2 g5 50. Nd3 Rh6 51. c5 Rxh2 52. c6 Bd6 53. Ra7
Bxg3 54. Kd1 Bd6 55. c7 Bxc7 56. Rxc7 Rh6 57. Ke2 Re6+ 58. Kf3 Kg6 59. Nc5 Rf6+
60. Kg3 h6 61. Nd7 Rf5 62. Rc6+ Kg7 63. Rd6 Rf4 64. Ne5 Rf6 65. Rd8 Re6 66. Nf3
Rf6 67. Nd4 Rf4 68. Ne2 Re4 69. Kf3 Re6 70. Ng3 Rf6+ 71. Kg2 Ra6 72. Rd5 Rb6
73. Kf1 Rb1+ 74. Ke2 Rb2+ 75. Ke3 Rb3+ 76. Ke4 Rb6 77. f3 Re6+ 78. Re5 Ra6 79.
Nf5+ Kg6 80. Ne7+ Kg7 81. Nd5 Kg6 82. Re8 Kg7 83. Kf5 Ra5 84. Re5 Ra3 85. Re3
Ra5 86. Rd3 Rc5 87. Rd4 Ra5 88. Rd3 Rc5 89. Ke5 Ra5 90. Rb3 Ra6 91. Rc3 Re6+
92. Kf5 Rd6 93. Rc5 Ra6 94. Rc7 Ra3 95. Nc3 Ra6 96. Ne4 Ra3 97. Kg4 h5+ 1/2-1/2

[Event "Wch U20"]
[Site "Gausdal"]
[Date "1986.??.??"]
[Round "10"]
[White "Anand, Viswanathan"]
[Black "Hellers, Ferdinand"]
[Result "1/2-1/2"]
[WhiteElo "2420"]
[BlackElo "2440"]
[PlyCount "58"]
[EventDate "1986.08.??"]
[EventType "swiss"]
[EventRounds "13"]
[EventCountry "NOR"]
[SourceTitle "EXT 1997"]
[Source "ChessBase"]
[SourceDate "1996.11.15"]
[SourceVersion "1"]
[SourceVersionDate "1996.11.15"]
[SourceQuality "1"]

1. e4 c5 2. Nf3 d6 3. d4 cxd4 4. Nxd4 Nf6 5. Nc3 a6 6. a4 Nc6 7. Be2 g6 8. O-O
Bg7 9. Be3 O-O 10. Kh1 d5 11. Nxd5 Nxd5 12. exd5 Qxd5 13. Bf3 Qc4 14. b3 Qc3
15. Nxc6 bxc6 16. Rc1 Be6 17. Qe1 Bd5 18. Qxc3 Bxc3 19. Rcd1 Bxf3 20. gxf3 Rfd8
21. Rxd8+ Rxd8 22. Kg2 f5 23. f4 Kf7 24. Kf3 Rd5 25. Ke2 Ke6 26. Rg1 Rd8 27.
Rg3 Bb4 28. Rh3 h5 29. Rg3 Kf7 1/2-1/2